01170nam a2200265 a 4500001001000000005001700010008004100027041000800068044000700076084002000083100004500103245009500148250000600243260004200249300002200291440002700313500018100340500013600521500001000657650005200667650005600719650003400775650004500809740005000854BRCA_248920190320203832.0211108s1845----sp-a---###---#000-0#spa-u aspa asp a129b.M45c18451 aCervantes Saavedra, Miguel ded1547-161610aEl Ingenioso Hidalgo Don Quijote de la Manchaccompuesto por Miguel de Cervantes Saavedra. a2 aMadridbFrancisco de P. Melladoc1845 a2 v.bil.c17 cm. 0aBiblioteca popularn20 aContenido : v 1. Primera parte. Dedicatoria del autor. Prólogo del autor. Versos preliminares. Texto. -- v 2. Segunda parte. Dedicatoria del autor. Prólogo del autor. Texto aReimpresión de la edición del año anterior del mismo editor. Semipiel; lomeras decoradas con adornos dorados Lúdovik Osterc aQM11214aNovela españolayÉpoca clásica, 1500-170014aLiteratura españolayÉpoca clásica, 1500-170014aNovela españolaySiglo XVII14aDon Quijote (Personaje ficticio)eNovela0 aEl Ingenioso Hidalgo Don Quijote de la Mancha